| 000 | 00988nam a22002657a 4500 | ||
|---|---|---|---|
| 999 |
_c20588 _d20588 |
||
| 005 | 20191113051632.0 | ||
| 008 | 191113b xxu||||| |||| 00| 0 spa d | ||
| 020 | _a9789585773790 | ||
| 040 |
_aCO-BoIAVH _cCO-BoIAVH |
||
| 041 | _aspa | ||
| 044 | _ack | ||
| 082 |
_a307.14068 _bV42p |
||
| 100 | _aVargas Porras, Lady | ||
| 245 |
_aDamagua _bPlan de manejo de poulsenia armata (Damagua). En tres comunidades indígenas del río Ampora, Alto Baudó - Choco. |
||
| 260 |
_aChocó: _bInstituto de Investigaciones Ambientales del Pacífico, _cs.f |
||
| 300 |
_a75 Páginas: _bfotografias, tablas y mapas, _c22 x 22 cm. |
||
| 650 | 0 |
_aGestión Ambiental _zAlto Baudó, Chocó |
|
| 650 | 0 | _aArtesanía | |
| 650 | 0 | _aEconomía Rural | |
| 650 | 0 | _aComunidades indígenas | |
| 700 | _aValoyes Cardozo, Zulmary | ||
| 700 |
_aRamirez Moreno, Giovanny _eEditor |
||
| 700 |
_aKlinger Brahan, William _eEditor |
||
| 942 |
_2ddc _cLIBRO |
||